We are called human : the poetry of Richard Hugo /

Bibliographic Details
Main Author: Allen, Michael S., 1947-
Format: Book
Language:English
Published: Fayetteville : University of Arkansas Press, 1982.
Subjects:

MARC

Tag First Indicator Second Indicator Subfields
LEADER 00000pam a2200000 a 4500
001 in00000086243
005 20151008062621.0
008 811008s1982 aku b s00110 eng
010 |a  81069840  
020 |a 0938626078 
035 |a (OCoLC)07923882 
035 |9 AAK0599AM 
039 0 |a 2  |b 3  |c 3  |d 3  |e 3 
040 |a DLC  |c DLC  |d TXA  |d UtOrBLW 
049 |a TXAM  |c [802373] 
050 0 0 |a PS3515 U3  |b  Z54 1982 
082 0 |a 811/.54  |2 19 
100 1 |a Allen, Michael S.,  |d 1947- 
245 1 0 |a We are called human :  |b the poetry of Richard Hugo /  |c Michael S. Allen. 
264 1 |a Fayetteville :  |b University of Arkansas Press,  |c 1982. 
300 |a 158 pages ;  |c 22 cm. 
336 |a text  |b txt  |2 rdacontent 
337 |a unmediated  |b n  |2 rdamedia 
338 |a volume  |b nc  |2 rdacarrier 
500 |a Includes index. 
504 |a Bibliography: pages 150-155. 
600 1 0 |a Hugo, Richard,  |d 1923-1982  |x Criticism and interpretation. 
999 |a MARS 
999 f f |s 0e810436-bfd2-3ba0-8100-9583bff73e9a  |i 0e80a574-d620-3a01-85b6-f399d9f6aff8  |t 0 
952 f f |p ric  |a Texas A&M University  |b Rellis Campus  |c Joint Library Facility  |d Remote Storage  |t 0  |e PS3515 U3 Z54 1982  |h Library of Congress classification  |i unmediated -- volume  |m A14805955469 
998 f f |a PS3515 U3 Z54 1982  |t 0  |l Remote Storage